English prepositions - Statistiques

Statistiques générales
  • Ce quiz a été pris 15 fois
    14 depuis la dernière actualisation
  • Le résultat moyen est 8 sur 20
Statistiques - réponses
Hint Réponse % Correct
Belief In
100%
Drop In
100%
Awareness Of
100%
Effect On
100%
Impact On
100%
Contact With
100%
Desadvantage Of
75%
Truth About
67%
Excuse For
67%
Responsibility For
67%
Decrease In
67%
Dealings With
67%
Increase In
50%
Cause Of
50%
Kind Of
50%
Indication Of
50%
Understanding Of
50%
Opinion Of
50%
Connection With
50%
Meeting With
50%
Reputation For
40%
Nothing About
33%
Demand For
33%
Explanation For
33%
Rise In
33%
Change In
33%
Advantage Of
33%
Influence On
33%
Negotiation With
33%
Idea Of
25%
Contract With
20%
Something About
17%
Anything About
0%
Information About
0%
In return For
0%
In exchange For
0%
Reason For
0%
Need For
0%
Fall In
0%
Knowledge Of
0%
Agreement With
0%
Involvement With
0%
Aucun quiz correspondant
Distribution des résultats
% des personnes avec chaque résultat
Percentile par nombre de réponses
Votre historique - résultats
Vous n’avez pas pris ce quiz depuis la dernière actualisation